00856nam a2200229 a 450000100100000000500170001000800410002702000150006804000250008310000300010824500900013826000410022830000210026949000460029050000370033650400300037350000210040370000270042483000530045195201050050499900170060900004335320201002040835.0140310s1998 sp 001 0 spa d a8420681725 aDO-SdBNPbspacBNPHU1 aMarchesi, Álvaro97100210aCalidad de la enseñanza en tiempos de cambio. /cÁlvaro Marchesi, Elena Martín. aMadrid, :bAlianza editorial,c1998. a498 p. ;c25 cm.1 aManualesaPsicología y educaciónv003 aIncluye notas a pie de páginas aBibliografía p: 473-493 aIncluye índice12aMartín, Elena971003 0aManualesgPsicología y educaciónn003971004 001050718MOaGRbGRcCTd2014-03-10iLF1l0o p43353-10r2020-06-25w2020-06-25y1ZNo se presta c42842d42842